Т. 47, вып. 8; Журнал общей химии

Λεπτομέρειες βιβλιογραφικής εγγραφής
Parent link:Журнал общей химии/ Академия наук СССР (АН СССР). Т. 47, вып. 8.— , 1931-.— 0044-460X
Γλώσσα:Ρωσικά
Έκδοση: 1977
Μορφή: Βιβλίο
KOHA link:https://koha.lib.tpu.ru/cgi-bin/koha/opac-detail.pl?biblionumber=432579

MARC

LEADER 00000nam2a2200000 4500
001 432579
005 20231101075547.0
035 |a (RuTPU)RU\TPU\prd\92832 
035 |a RU\TPU\prd\92822 
090 |a 432579 
100 |a 20101208a18699999k y0rusy50 ca 
101 0 |a rus 
102 |a RU 
200 0 |a Т. 47, вып. 8 
210 |d 1977 
461 1 |0 (RuTPU)RU\TPU\prd\161  |x 0044-460X  |t Журнал общей химии  |f Академия наук СССР (АН СССР)  |v Т. 47, вып. 8  |d 1931- 
801 1 |a RU  |b 63413507  |c 20020305  |g PSBO 
801 2 |a RU  |b 63413507  |c 20101208  |g PSBO 
942 |c BK 
999 |a НТБ_ТПУ  |b НФ  |e -8/20100113  |p П-770  |u 0,00  |v 1